| 000 | 00594cam a2200193 a 4500 | ||
|---|---|---|---|
| 020 | _a0072346817 | ||
| 040 | _cDLC | ||
| 082 | 0 | 0 | _a510 HIL 2001 A057 Or. |
| 100 | 1 | _aBennett, Albert B. | |
| 245 | 1 | 0 |
_aMathematics for elementary teachers : _ba conceptual approach / |
| 250 | _a5th ed. | ||
| 260 |
_aBoston : _bMcGraw-Hill, _cc2001. |
||
| 300 |
_axii, 868 p. : _bill. ; _c27 cm. |
||
| 650 | 0 | _aMathematics. | |
| 700 | 1 | _aNelson, Leonard T. | |
| 856 | 4 | 2 | _uhttp://www.loc.gov/catdir/description/mh021/00025750.html |
| 856 | 4 | 1 | _uhttp://www.loc.gov/catdir/toc/mh021/00025750.html |
| 942 | _cEK | ||
| 999 |
_c13985 _d13985 |
||